Teoría general de la prueba en Derecho civil ó Exposición comparada de los principios de la prueba en materia civil y de sus diversas aplicaciones en Italia, Francia, Alemania, etc. / (Record no. 157599)

MARC details
000 -LEADER
campo de control de longitud fija 01189nam a22002415i 4500
001 - NÚMERO DE CONTROL
campo de control 157599
003 - IDENTIFICADOR DE NÚMERO DE CONTROL
campo de control ES-MaACL
005 - FECHA Y HORA DE LA ÚLTIMA TRANSACCIÓN
campo de control 20240522131802.0
008 - DATOS DE LONGITUD FIJA--INFORMACIÓN GENERAL
campo de control de longitud fija 011008m18971905sp |||| | spa d
040 ## - FUENTE DE CATALOGACIÓN
Centro catalogador/agencia de origen CCPB | B
Lengua de catalogación spa
Centro/agencia transcriptor CCPB | B
080 ## - NÚMERO DE LA CLASIFICACIÓN DECIMAL UNIVERSAL
Número de la Clasificación Decimal Universal 347.94
100 1# - ENTRADA PRINCIPAL--NOMBRE DE PERSONA
Nombre de persona Lessona, Carlo.
9 (RLIN) 128907
245 10 - MENCIÓN DEL TÍTULO
Título Teoría general de la prueba en Derecho civil ó Exposición comparada de los principios de la prueba en materia civil y de sus diversas aplicaciones en Italia, Francia, Alemania, etc. /
Mención de responsabilidad, etc. por Carlos Lessona ; traducido y anotado con arreglo á la legislación y jurisprudencia españolas por Enrique Aguilera de Paz ; con una introducción de José María Manresa y Navarro.
260 ## - PUBLICACIÓN, DISTRIBUCIÓN, ETC.
Lugar de publicación, distribución, etc. Madrid :
Nombre del editor, distribuidor, etc. Hijos de Reus, editores,
Fecha de publicación, distribución, etc. 1897-1905.
300 ## - DESCRIPCIÓN FÍSICA
Extensión 5 v. :
Otras características físicas 1 retr del autor ;
Dimensiones 22 cm.
490 1# - MENCIÓN DE SERIE
Mención de serie Biblioteca jurídica de autores españoles y extranjeros
650 04 - PUNTO DE ACCESO ADICIONAL DE MATERIA--TÉRMINO DE MATERIA
Término de materia o nombre geográfico como elemento de entrada Pruebas (Derecho)
9 (RLIN) 16527
700 0# - ENTRADA AGREGADA--NOMBRE PERSONAL
Nombre de persona Aguilera de Paz, Enrique.
9 (RLIN) 18776
700 1# - ENTRADA AGREGADA--NOMBRE PERSONAL
Nombre de persona Manresa y Navarro, José María,
Fechas asociadas al nombre 1818-1905
9 (RLIN) 76090
830 0# - PUNTO DE ACCESO ADICIONAL DE SERIE-TÍTULO UNIFORME
Título uniforme Biblioteca jurídica de autores españoles y extranjeros
9 (RLIN) 182228
852 ## - LOCALIZACIÓN
Ubicación ES-MaACL
Número de control de estantería F-14582-86
Nota libre -- Enc. pasta
Holdings
Estatus retirado Estado de pérdida Estado de daño No para préstamo Colección Biblioteca de origen Biblioteca actual Ubicación en estantería Fecha de adquisición Total de préstamos Signatura topográfica completa Código de barras Visto por última vez Precio de reemplazo Tipo de ítem Koha
        Libros del s. XIX Biblioteca del Ateneo de Madrid Biblioteca del Ateneo de Madrid Sala Pecera Planta 2 17/01/2008   F-14582-86 1164922 23/02/2023 23/02/2023 Libro impreso antiguo